000 00257nam a22001217a 4500
008 181030b xxu||||| |||| 00| 0 eng d
041 _aeng
080 _a210
100 _a24
101 _aTEO
245 _aThe Master Library
_cLord,V.O
942 _2udc
_cBK
999 _c51102
_d51102